| 000 | 01703cam a22003974a 4500 | ||
|---|---|---|---|
| 999 |
_c23472 _d23472 |
||
| 001 | 14332830 | ||
| 003 | OSt | ||
| 005 | 20170126114037.0 | ||
| 008 | 060407s2006 mauae b 001 0 eng | ||
| 010 | _a 2006044999 | ||
| 015 |
_aGBA581666 _2bnb |
||
| 016 | 7 |
_a013301092 _2Uk |
|
| 020 | _a9780262090384 | ||
| 020 | _a0262090384 | ||
| 035 | _a(OCoLC)ocm67240806 | ||
| 035 | _a(OCoLC)67240806 | ||
| 040 |
_aDLC _cDLC _dBAKER _dC#P _dVP@ _dUKM _dMUQ _dYDXCP _dBTCTA _dOMB _dNLGGC _dDLC |
||
| 041 | 1 |
_aeng _hjpn |
|
| 042 | _apcc | ||
| 043 | _aa-ja--- | ||
| 050 | 0 | 0 |
_aNA1550 _b.I78 2006 |
| 082 | 0 | 0 |
_a720.952 _222 |
| 084 |
_a21.60 _2bcl |
||
| 100 | 1 | _aIsozaki, Arata. | |
| 245 | 1 | 0 |
_aJapan-ness in architecture / _cArata Isozaki ; translated by Sabu Kohso ; edited by David B. Stewart ; foreword by Toshiko Mori. |
| 260 |
_aCambridge, Mass. : _bMIT Press, _cc2006. |
||
| 300 |
_axx, 349 p. : _bill., plans ; _c24 cm. |
||
| 500 | _a"An earlier version of this text was originally to have appeared as the fifth book in the Oppositions books series under the title: The ruin of styles : selected writings of Arata Isozaki 1960-1985"--T.p. verso. | ||
| 504 | _aIncludes bibliographical references (p. [319]-340) and index. | ||
| 546 | _aTranslated from the Japanese. | ||
| 650 | 0 |
_aArchitecture _zJapan. |
|
| 650 | 0 |
_aArchitecture _xPhilosophy. |
|
| 700 | 1 | _aStewart, David B. | |
| 906 |
_a7 _bcbc _corignew _d1 _eocip _f20 _gy-gencatlg |
||
| 942 |
_2lcc _cBOOKS _hNA 1550 .I78 2006 |
||